[Event "IECC CL5-2014.03 email"]
[Site "IECC email"]
[Date "2014.06.20"]
[Round "?"]
[White "Vann, Robin"]
[Black "Balmelle, Jean Luc"]
[Result "0-1"]
[WhiteElo "1410"]
[BlackElo "1515"]
[PlyCount "58"]
[EventDate "2014.??.??"]
[EventType "tourn (corr)"]
[EventRounds "4"]
[SourceTitle "Corr 2020"]
[Source "ChessBase"]
[SourceDate "2019.09.30"]
[SourceVersion "1"]
[SourceVersionDate "2019.09.30"]
[SourceQuality "1"]
[WhiteTeam "England"]
[BlackTeam "France"]
[WhiteTeamCountry "ENG"]
[BlackTeamCountry "FRA"]

1. e4 c5 2. Nf3 Nc6 3. d4 cxd4 4. Nxd4 g6 5. c4 Nf6 6. Nc3 d6 7. Be2 Nxd4 8. Qxd4 Bg7 9. Be3 0-0 10. Qd2 Be6 11. 0-0 Qa5 12. Rac1 Rfc8 13. b3 a6 14. h3 b5 15. cxb5 axb5 16. Bf3 Nd7 17. Bd4 Ne5 18. Be2 Qb4 19. Bxb5 Nf3+ 20. gxf3 Bxd4 21. Bc4 Bg7 22. a3 Rxa3 23. Nb1 Qxd2 24. Nxd2 Bxh3 25. Bxf7+ Kxf7 26. Rxc8 Bxc8 27. Rb1 Ra2 28. Nc4 Bd4 29. Rf1 Bh3 0-1

[Event "IECC 2014-1.07"]
[Site "IECC email"]
[Date "2014.01.05"]
[Round "?"]
[White "Lorenzo, Alfredo"]
[Black "Vann, Robin"]
[Result "1-0"]
[WhiteElo "1921"]
[BlackElo "1460"]
[PlyCount "69"]
[EventDate "2014.??.??"]
[EventType "tourn (corr)"]
[SourceTitle "Corr 2020"]
[Source "ChessBase"]
[SourceDate "2019.09.30"]
[SourceVersion "1"]
[SourceVersionDate "2019.09.30"]
[SourceQuality "1"]
[WhiteTeam "France"]
[BlackTeam "England"]
[WhiteTeamCountry "FRA"]
[BlackTeamCountry "ENG"]

1. e4 c5 2. Nc3 Nc6 3. g3 g6 4. Bg2 Bg7 5. Nge2 d6 6. 0-0 Nf6 7. d3 0-0 8. Bg5 Bd7 9. Qd2 Ne8 10. Nd5 f6 11. Bh6 e6 12. Bxg7 Nxg7 13. Ne3 Rb8 14. c3 e5 15. f4 f5 16. Rf2 exf4 17. Nxf4 Ne7 18. exf5 Ngxf5 19. Nxf5 Nxf5 20. Nd5 Bc6 21. Raf1 Qd7 22. g4 Ne7 23. Rxf8+ Rxf8 24. Rxf8+ Kxf8 25. Qf4+ Nf5 26. gxf5 Qxf5 27. Qh6+ Ke8 28. Qe3+ Qe5 29. Qxe5+ dxe5 30. Nf6+ Kf7 31. Bxc6 bxc6 32. Nxh7 Ke6 33. Nf8+ Kf5 34. Kf2 g5 35. Ke3 1-0

[Event "IECC KO-2111"]
[Site "IECC email"]
[Date "2011.10.27"]
[Round "?"]
[White "Basson, Heinrich"]
[Black "Vann, Robin"]
[Result "1-0"]
[WhiteElo "1624"]
[BlackElo "1479"]
[PlyCount "85"]
[EventDate "2010.??.??"]
[EventType "tourn (corr)"]
[SourceTitle "Telechess CBM 165"]
[Source "ChessBase"]
[SourceDate "2015.03.11"]
[SourceVersion "1"]
[SourceVersionDate "2015.03.11"]
[SourceQuality "1"]
[WhiteTeam "South Africa"]
[BlackTeam "England"]
[WhiteTeamCountry "RSA"]
[BlackTeamCountry "ENG"]

1. d4 Nf6 2. c4 e6 3. Nc3 Bb4 4. a3 Bxc3+ 5. bxc3 c5 6. e4 Qa5 7. e5 Ne4 8. Bd2 Nc6 9. Nf3 Nxc3 10. dxc5 Nxd1 11. Bxa5 Nxa5 12. Rxd1 Nb3 13. Nd4 Nxc5 14. Nb5 0-0 15. g3 a6 16. Nd6 Rb8 17. Bg2 b5 18. cxb5 axb5 19. 0-0 Ba6 20. Rfe1 Bb7 21. Bxb7 Nxb7 22. Nxb5 Na5 23. Nd6 Rb3 24. a4 Ra3 25. Ra1 Rxa1 26. Rxa1 Ra8 27. f4 Nb3 28. Ra3 Nc5 29. a5 Na6 30. Ne4 Kf8 31. g4 Ke7 32. Kf2 f5 33. exf6+ gxf6 34. Rh3 Rf8 35. Rxh7+ Rf7 36. Rxf7+ Kxf7 37. h4 d5 38. Nd6+ Ke7 39. h5 Kf8 40. g5 fxg5 41. fxg5 Kg7 42. g6 e5 43. Nf5+ 1-0

[Event "IECC KO-2111"]
[Site "IECC email"]
[Date "2011.10.27"]
[Round "?"]
[White "Vann, Robin"]
[Black "Basson, Heinrich"]
[Result "0-1"]
[WhiteElo "1474"]
[BlackElo "1612"]
[PlyCount "52"]
[EventDate "2010.??.??"]
[EventType "tourn (corr)"]
[SourceTitle "Telechess CBM 165"]
[Source "ChessBase"]
[SourceDate "2015.03.11"]
[SourceVersion "1"]
[SourceVersionDate "2015.03.11"]
[SourceQuality "1"]
[WhiteTeam "England"]
[BlackTeam "South Africa"]
[WhiteTeamCountry "ENG"]
[BlackTeamCountry "RSA"]

1. e4 c6 2. d4 d5 3. Nc3 Nf6 4. e5 Ng4 5. Qf3 g6 6. h3 Nh6 7. g4 Qb6 8. Nge2 Na6 9. a3 Bg7 10. Bg2 Nc7 11. b3 Ne6 12. Be3 0-0 13. 0-0 f6 14. Bxh6 Bxh6 15. exf6 Nxd4 16. Nxd4 Qxd4 17. fxe7 Rxf3 18. e8Q+ Rf8 19. Qe1 Bg7 20. Na4 b5 21. Rd1 Qf4 22. Nc5 Be5 23. Qxe5 Qxe5 24. Nd3 Qc3 25. Nb4 Bb7 26. f4 a5 0-1

[Event "IECC Swiss-552.2"]
[Site "IECC email"]
[Date "2011.02.13"]
[Round "?"]
[White "D'Aragona, Vittoria"]
[Black "Vann, Robin"]
[Result "1-0"]
[WhiteElo "1416"]
[BlackElo "1499"]
[PlyCount "43"]
[EventDate "2011.??.??"]
[EventType "swiss (corr)"]
[EventRounds "1"]
[SourceTitle "Telechess CBM 145"]
[Source "Chessbase"]
[SourceDate "2011.11.11"]
[SourceVersion "1"]
[SourceVersionDate "2011.11.11"]
[SourceQuality "1"]
[WhiteTeam "Italy"]
[BlackTeam "England"]
[WhiteTeamCountry "ITA"]
[BlackTeamCountry "ENG"]

1. e4 c5 2. c3 Nf6 3. e5 Nd5 4. d4 cxd4 5. Nf3 Nc6 6. cxd4 d6 7. Bc4 Nb6 8. Bb5 dxe5 9. Nxe5 Bd7 10. Nxd7 Qxd7 11. 0-0 a6 12. Bxc6 Qxc6 13. Nc3 Rd8 14. Re1 h6 15. Be3 e6 16. Rc1 Be7 17. Qg4 Kf8 18. Ne2 h5 19. Rxc6 hxg4 20. Rxb6 Rb8 21. Bf4 Bd8 22. Rb3 1-0

[Event "P-4668"]
[Site "IECC email"]
[Date "2010.10.04"]
[Round "?"]
[White "Green, Des John"]
[Black "Vann, Robin"]
[Result "1/2-1/2"]
[WhiteElo "1518"]
[BlackElo "1498"]
[PlyCount "78"]
[EventDate "2010.??.??"]
[EventType "tourn (corr)"]
[SourceTitle "Telechess CBM 145"]
[Source "Chessbase"]
[SourceDate "2011.11.11"]
[SourceVersion "1"]
[SourceVersionDate "2011.11.11"]
[SourceQuality "1"]
[WhiteTeam "England"]
[BlackTeam "England"]
[WhiteTeamCountry "ENG"]
[BlackTeamCountry "ENG"]

1. d4 Nf6 2. c4 e6 3. Nc3 Bb4 4. e3 c5 5. Nge2 b6 6. a3 Ba5 7. g3 Bb7 8. d5 exd5 9. Bg2 Ba6 10. cxd5 Bxc3+ 11. Nxc3 0-0 12. e4 d6 13. b4 Qe8 14. Bf4 Qe7 15. b5 Bb7 16. 0-0 Nbd7 17. Rc1 Ne5 18. Bg5 h6 19. Bxf6 Qxf6 20. f4 Nd7 21. Bh3 Bc8 22. e5 dxe5 23. d6 Qg6 24. Nd5 Qxd6 25. fxe5 Nxe5 26. Nf6+ Qxf6 27. Rxf6 gxf6 28. Bg2 Rb8 29. Qd6 Be6 30. Qe7 Nd7 31. Bc6 Rbd8 32. Bxd7 Rxd7 33. Qxf6 Kh7 34. Qh4 Rd4 35. Qe7 Ra8 36. Rf1 Kg7 37. Qb7 Bd5 38. Qe7 Bc4 39. Rb1 Be6 1/2-1/2

[Event "IECC CL5-2009.06 email"]
[Site "IECC email"]
[Date "2009.03.27"]
[Round "?"]
[White "Vann, Robin"]
[Black "Wood, Brian B"]
[Result "0-1"]
[WhiteElo "1595"]
[BlackElo "1470"]
[PlyCount "70"]
[EventDate "2009.??.??"]
[EventType "tourn (corr)"]
[EventRounds "4"]
[SourceTitle "Telechess CBM 137"]
[Source "ChessBase"]
[SourceDate "2010.07.15"]
[SourceVersion "1"]
[SourceVersionDate "2010.07.15"]
[SourceQuality "1"]
[WhiteTeam "England"]
[BlackTeam "US of America"]
[WhiteTeamCountry "ENG"]
[BlackTeamCountry "USA"]

1. e4 c5 2. Nf3 d6 3. d4 cxd4 4. Nxd4 Nf6 5. Nc3 a6 6. Be3 e5 7. Nb3 Be6 8. f3 Be7 9. Qd2 0-0 10. 0-0-0 Qc7 11. g4 Nbd7 12. g5 Nh5 13. Kb1 Rac8 14. Rg1 b5 15. h4 Nb6 16. Qf2 Nc4 17. Bxc4 bxc4 18. Nc1 Rb8 19. N1e2 Qb7 20. Bc1 d5 21. exd5 Bd7 22. d6 Bd8 23. f4 Bb6 24. Qf1 Bxg1 25. Qxg1 Nxf4 26. Nxf4 exf4 27. Nd5 f3 28. Nf6+ Kh8 29. Nh5 Qe4 30. Qd4 Qxd4 31. Rxd4 Rb6 32. Rf4 Rxd6 33. Ng3 Bc6 34. Nf5 Re6 35. h5 g6 0-1

[Event "IECC Swiss-535.2"]
[Site "IECC email"]
[Date "2008.12.20"]
[Round "?"]
[White "Bladyko, Pawel"]
[Black "Vann, Robin"]
[Result "1-0"]
[WhiteElo "1608"]
[BlackElo "1553"]
[PlyCount "48"]
[EventDate "2008.??.??"]
[EventType "tourn (corr)"]
[EventRounds "1"]
[SourceTitle "Corr 2011"]
[Source "ChessBase"]
[SourceDate "2010.08.31"]
[SourceVersion "1"]
[SourceVersionDate "2010.08.31"]
[SourceQuality "1"]
[WhiteTeam "Poland"]
[BlackTeam "England"]
[WhiteTeamCountry "POL"]
[BlackTeamCountry "ENG"]

1. e4 c5 2. Nf3 d6 3. d4 cxd4 4. Nxd4 Nf6 5. Nc3 a6 6. Be2 e5 7. Nb3 Be7 8. Qd3 0-0 9. 0-0 Nbd7 10. a4 b6 11. Qg3 Re8 12. Bh6 g6 13. Bc4 Bb7 14. Nd2 Nc5 15. f4 Bf8 16. Bg5 Bg7 17. f5 Rf8 18. fxg6 hxg6 19. Bxf6 Bxf6 20. Qxg6+ Bg7 21. Rxf7 Rxf7 22. Qxf7+ Kh7 23. Qf5+ Kh6 24. Bf7 Qg5 1-0

[Event "IECC M1-2008.T89"]
[Site "IECC email"]
[Date "2008.12.12"]
[Round "?"]
[White "Cho, Vince"]
[Black "Vann, Robin"]
[Result "0-1"]
[WhiteElo "1657"]
[BlackElo "1562"]
[PlyCount "32"]
[EventDate "2008.??.??"]
[EventType "match (corr)"]
[EventRounds "2"]
[SourceTitle "Corr 2011"]
[Source "ChessBase"]
[SourceDate "2010.08.31"]
[SourceVersion "1"]
[SourceVersionDate "2010.08.31"]
[SourceQuality "1"]
[WhiteTeam "US of America"]
[BlackTeam "England"]
[WhiteTeamCountry "USA"]
[BlackTeamCountry "ENG"]

1. c4 c5 2. Nf3 Nf6 3. Nc3 e6 4. g3 b6 5. Bg2 Bb7 6. 0-0 Be7 7. Re1 Ne4 8. d4 Nxc3 9. bxc3 d6 10. e4 Nd7 11. d5 e5 12. a4 0-0 13. Qc2 a5 14. Nd2 Ba6 15. Qd3 Bg5 16. Nb1 Bxc1 0-1

[Event "IECC KO-5067"]
[Site "IECC email"]
[Date "2008.07.29"]
[Round "?"]
[White "Khan, Shams Pehlwan"]
[Black "Vann, Robin"]
[Result "1-0"]
[WhiteElo "2020"]
[BlackElo "1603"]
[PlyCount "63"]
[EventDate "2008.??.??"]
[EventType "match (corr)"]
[EventRounds "2"]
[SourceTitle "Corr 2013"]
[Source "ChessBase"]
[SourceDate "2012.11.12"]
[SourceVersion "1"]
[SourceVersionDate "2012.11.12"]
[SourceQuality "1"]
[WhiteTeam "Hungary"]
[BlackTeam "South Africa"]
[WhiteTeamCountry "HUN"]
[BlackTeamCountry "RSA"]

1. e4 c5 2. f4 d5 3. exd5 Nf6 4. Bb5+ Bd7 5. Bxd7+ Qxd7 6. c4 e6 7. Qe2 Bd6 8. dxe6 fxe6 9. d3 0-0 10. Nf3 Nc6 11. 0-0 Rae8 12. Nc3 e5 13. Ne4 Nd4 14. Nxd4 exd4 15. Bd2 a6 16. Rae1 Nxe4 17. dxe4 b5 18. e5 Bb8 19. e6 Qd6 20. cxb5 axb5 21. Qxb5 Rxe6 22. Qc4 Rff6 23. b4 cxb4 24. Bxb4 Qa6 25. Qd5 Bxf4 26. Rxe6 Qxe6 27. Qxe6+ Rxe6 28. Rxf4 g6 29. Rxd4 h5 30. a4 Kf7 31. a5 Kf6 32. Rd6 1-0

[Event "IECC Swiss-534"]
[Site "IECC email"]
[Date "2008.04.07"]
[Round "?"]
[White "Vann, Robin"]
[Black "Wozniak, Zbigniew"]
[Result "0-1"]
[WhiteElo "1621"]
[BlackElo "1812"]
[PlyCount "76"]
[EventDate "2008.??.??"]
[EventType "match (corr)"]
[SourceTitle "Corr 2013"]
[Source "ChessBase"]
[SourceDate "2012.11.12"]
[SourceVersion "1"]
[SourceVersionDate "2012.11.12"]
[SourceQuality "1"]
[WhiteTeam "Netherlands"]
[BlackTeam "Canada"]
[WhiteTeamCountry "NED"]
[BlackTeamCountry "CAN"]

1. e4 c5 2. Nf3 d6 3. d4 cxd4 4. Nxd4 Nf6 5. Nc3 a6 6. Be3 e6 7. g4 e5 8. Nf5 g6 9. g5 gxf5 10. exf5 d5 11. gxf6 d4 12. Bc4 Qc7 13. Qd3 dxe3 14. fxe3 Nd7 15. Bxf7+ Kxf7 16. Qd5+ Ke8 17. f7+ Kd8 18. Rg1 Qc5 19. Qxc5 Nxc5 20. Nd5 Ra7 21. Rg8 b5 22. Rxh8 Rxf7 23. Rg8 Bxf5 24. 0-0-0 Ke8 25. Rgg1 Be4 26. Nc3 Bf3 27. Rde1 b4 28. Nb1 Rc7 29. Nd2 Nd3+ 30. Kb1 Nxe1 31. Rxe1 e4 32. Nxf3 exf3 33. Rf1 Rf7 34. Kc1 Kd7 35. Kd2 Ke6 36. Ke1 Ke5 37. Kf2 Ke4 38. Re1 Bc5 0-1

[Event "IECC CL4-2007.11 email"]
[Site "IECC email"]
[Date "2007.10.30"]
[Round "?"]
[White "Rubio Fernaz, Santiago"]
[Black "Vann, Robin"]
[Result "1/2-1/2"]
[WhiteElo "1672"]
[BlackElo "1636"]
[PlyCount "75"]
[EventDate "2007.??.??"]
[EventType "tourn (corr)"]
[EventRounds "4"]
[SourceTitle "Corr 2015"]
[Source "ChessBase"]
[SourceDate "2015.07.17"]
[SourceVersion "1"]
[SourceVersionDate "2015.07.17"]
[SourceQuality "1"]
[WhiteTeam "US of America"]
[BlackTeam "England"]
[WhiteTeamCountry "USA"]
[BlackTeamCountry "ENG"]

1. e4 c5 2. Nc3 Nc6 3. g3 g6 4. Bg2 Bg7 5. d3 d6 6. Be3 e5 7. Qd2 Nge7 8. f4 Nd4 9. Nf3 0-0 10. 0-0 Qb6 11. Rab1 Bg4 12. Nh4 exf4 13. Bxf4 Rad8 14. Rf2 Be6 15. Bh6 d5 16. Bxg7 Kxg7 17. Rbf1 c4 18. exd5 Nxd5 19. Nxd5 Bxd5 20. Bxd5 Rxd5 21. c3 Ne6 22. d4 Ng5 23. Re2 Qc6 24. Ng2 Ne6 25. Nf4 Rd7 26. Rxe6 fxe6 27. Nh5+ Kg8 28. Rxf8+ Kxf8 29. Qh6+ Ke8 30. Nf6+ Kd8 31. Nxd7 Qxd7 32. Qg5+ Ke8 33. Qc5 b5 34. a4 a6 35. Qb6 e5 36. axb5 Qxb5 37. Qe6+ Kf8 38. Qxe5 1/2-1/2

[Event "IECC CL4-2007.11 email"]
[Site "IECC email"]
[Date "2007.10.30"]
[Round "?"]
[White "Vann, Robin"]
[Black "Broniek, Mariusz Maciej"]
[Result "0-1"]
[WhiteElo "1670"]
[BlackElo "1732"]
[PlyCount "56"]
[EventDate "2007.??.??"]
[EventType "tourn (corr)"]
[EventRounds "4"]
[SourceTitle "Corr 2015"]
[Source "ChessBase"]
[SourceDate "2015.07.17"]
[SourceVersion "1"]
[SourceVersionDate "2015.07.17"]
[SourceQuality "1"]
[WhiteTeam "England"]
[BlackTeam "Poland"]
[WhiteTeamCountry "ENG"]
[BlackTeamCountry "POL"]

1. e4 c5 2. Nf3 d6 3. d4 cxd4 4. Nxd4 Nf6 5. Nc3 a6 6. Be3 e5 7. Nb3 Be7 8. f3 0-0 9. Qd2 Be6 10. 0-0-0 b5 11. g4 b4 12. Na4 Nfd7 13. h4 Nc6 14. Kb1 Qc7 15. g5 Rfd8 16. h5 Nc5 17. Qf2 Nxa4 18. Bd3 Nc5 19. g6 fxg6 20. hxg6 h6 21. Qh2 Nxd3 22. cxd3 Bf6 23. Qf2 Qd7 24. f4 exf4 25. Bxf4 Rf8 26. Qh2 Nd4 27. Nxd4 Bxd4 28. Bxd6 Rf2 0-1

[Event "IECC Swiss-530.1"]
[Site "IECC email"]
[Date "2007.10.08"]
[Round "?"]
[White "Copin, Jean Christophe"]
[Black "Vann, Robin"]
[Result "1-0"]
[WhiteElo "1227"]
[BlackElo "1700"]
[PlyCount "71"]
[EventDate "2007.??.??"]
[EventType "swiss (corr)"]
[EventRounds "1"]
[SourceTitle "Corr 2020"]
[Source "ChessBase"]
[SourceDate "2019.09.30"]
[SourceVersion "1"]
[SourceVersionDate "2019.09.30"]
[SourceQuality "1"]
[WhiteTeam "France"]
[BlackTeam "England"]
[WhiteTeamCountry "FRA"]
[BlackTeamCountry "ENG"]

1. e4 c5 2. Nf3 d6 3. d4 cxd4 4. Nxd4 Nf6 5. Nc3 a6 6. f3 e6 7. Be3 b5 8. Be2 h5 9. Qd2 e5 10. Nf5 Bxf5 11. exf5 b4 12. Nd5 Nbd7 13. Bg5 Be7 14. Nxe7 Qxe7 15. Qxb4 0-0 16. 0-0-0 Nc5 17. g4 e4 18. Bxf6 Qxf6 19. fxe4 Rab8 20. Qd4 hxg4 21. Qxf6 gxf6 22. Rhg1 Kh8 23. Rxg4 Rg8 24. Rh4+ Kg7 25. Rxd6 a5 26. Rg4+ Kf8 27. Rxg8+ Kxg8 28. Rxf6 Kg7 29. Rc6 Nxe4 30. Ra6 Rh8 31. Bf3 Ng5 32. Bd5 Rxh2 33. Rxa5 f6 34. b4 Rf2 35. b5 Nf7 36. Bxf7 1-0